000 00316nam a22001097a 4500
082 _a306/SAH
100 _aSahai Paramjit
_981709
245 _aIndian Cultural Diplomacy: Celebrating Piuralism in a Globalised World
260 _aDelhi
_bVij Books India Pvt Ltd
_c2019
650 _aIndian Cultural
_981710
942 _cBK
999 _c65868
_d65868